Squid Game General Quiz - Statistics

General Stats
  • This quiz has been taken 381 times
  • The average score is 16 of 24
Answer Stats
Question Answer % Correct
What is the third game in Season 1? Tug of war
87%
What is Seong Gi-hun’s player number? 456
86%
Which mask shape indicates armed guards? Triangle
84%
In Season 3, who gives birth during the games? 222
81%
What type of masks do the VIPs wear? Animal
81%
What color is the Front Man’s mask? Black
81%
What color tracksuits do the players wear? Green
81%
What color does Gi‑hun dye his hair at the end of Season 1? Red
81%
In which country is Squid Game filmed? South Korea
81%
How many games do players have to complete in Squid Game? 6
80%
Which shape on a guard’s mask is of the highest rank? Square
80%
What game returns in Season 2 as Round 1? Red Light Green Light
79%
What color are the guards’ uniforms? Pink
74%
In Season 2, how are Player 149 and Player 007 related? Mother and Son
73%
What shape is hardest to carve out of the Dalgona cookies? Umbrella
73%
What toy does Gi-hun win for his daughter? Toy gun
71%
What is the nickname of Player 230 in Season 2? Thanos
68%
Who had the biggest debt in season 2? 100
67%
In which season 3 game is Player 044 eliminated? Hide and Seek
66%
Which player is transgender and a former soldier? 120
65%
Which Season 2 character is a mole among Jun‑ho’s allies? Captain Park
43%
What instrument plays during announcements in the facility? Trumpet
39%
What amount is added to the prize pool per eliminated player? 100 million won
21%
What mysterious images are hidden on the dormitory walls? Game drawings
2%
No matching quizzes found
Score Distribution
Percent of People with Each Score
Percentile by Number Answered
Your Score History
You have not taken this quiz